000 00362nam a2200133Ia 4500
008 231129s9999||||xx |||||||||||||| ||spa||
020 _a84-7101-317-7
040 _bspa
082 _a614.4 M167e
100 _aMacMahon Brian
245 0 _aEpidemiologí­a
264 _aMadrid España : Marbán Libros
942 _2ddc
_cBKS
999 _c13227
_d13227